000 00370 a2200145 4500
001 150649
040 _cEscola São Tomás de Aquino
240 1 0 _aO livro das virtudes para crianças
_lpor
245 1 0 _aO livro das virtudes para crianças
300 _a111
362 0 _a1995
440 1 _aNova Fronteira
697 _aValores, princípios / Filosofia
942 _cBK
999 _c150649
_d150649